000 01270cam a22003377a 4500
003 CHAP
005 20220329141112.0
008 971014s1995 r 00010 d
010 _a62601
011 _a63573
035 _a67749
040 _cCHAP
090 _aTesis
100 0 0 _aGarcía Soto, José Joaquín.
_946665
245 0 _aExperiencias de trabajo en extensiones educativas del Centro de Bachillerato Tecnológico Agropecuario # 74 de 1987 a 1989 en el Ejido Tepehuaje de Cadereyta Jiménez, N.L.
260 _aMarín, N.L. :
_bEl autor,
_c1995
300 _a32 h.
502 _aTesis (Ing. Agr. Fitotecnista) -- Universidad Autónoma de Nuevo León. Facultad de Agronomía
590 _aALEPH
_b10
_c20130110
_lUCH01
_h1345
590 _aBATCH-UPD
_b10
_c20130110
_lUCH01
_h0522
590 _aBATCH-UPD
_b10
_c20130410
_lUCH01
_h0201
590 _aBATCH-UPD
_b10
_c20130410
_lUCH01
_h1637
590 _aBATCH-UPD
_b10
_c20130914
_lUCH01
_h1252
590 _aCONVERSION
_b10
_c20130109
_lUCH01
_h1334
650 1 4 _aEducación media superior.
_935578
650 1 4 _aEjido Tepehuaje, Cadereyta Jiménez, N.L.
_935994
650 1 4 _aExtensión agrícola
_xNuevo León.
_939179
901 _aBK
942 _cTESIS
949 _bBC
_cTES
_d-153134
_eTS1
_h31267
_i67749
_si
999 _c62601
_d62601